[Event "Hell op"]
[Site "Hell"]
[Date "2019.08.05"]
[Round "4"]
[White "Rasdal, Yngve"]
[Black "Ukkelberg, Oyvind"]
[Result "0-1"]
[WhiteElo "1864"]
[BlackElo "1922"]
[PlyCount "68"]
[EventDate "2019.08.03"]
[EventType "swiss"]
[EventRounds "10"]
[EventCountry "NOR"]
[SourceTitle "CBM 191 Extra"]
[Source "ChessBase"]
[SourceDate "2019.09.30"]
[SourceVersion "1"]
[SourceVersionDate "2019.09.30"]
[SourceQuality "1"]

1. e4 d6 2. d4 Nf6 3. Nc3 Nbd7 4. Nf3 e5 5. Bg5 c6 6. a4 Be7 7. h3 h6 8. Be3 a5 9. Bc4 Qc7 10. Bb3 exd4 11. Bxd4 0-0 12. 0-0 Re8 13. Nh4 Nc5 14. Bxc5 dxc5 15. Qf3 Bd6 16. Rfe1 Be6 17. Bxe6 Rxe6 18. Nf5 Be5 19. Qe3 b6 20. g3 Rae8 21. f4 Bxc3 22. Qxc3 Rxe4 23. Rxe4 Rxe4 24. Nxh6+ Kh7 25. Nf5 Qd7 26. g4 Qe6 27. Qg3 g6 28. Qh4+ Kg8 29. Nh6+ Kg7 30. f5 Qe5 31. fxg6 fxg6 32. Rf1 Re2 33. Rf2 Qd4 34. Qg3 Qxf2+ 0-1

[Event "Helsingor Xtracon op"]
[Site "Helsingor"]
[Date "2016.07.31"]
[Round "10"]
[White "Rasdal, Yngve"]
[Black "Svensson, Lars Ake"]
[Result "1/2-1/2"]
[WhiteElo "1794"]
[BlackElo "1972"]
[PlyCount "36"]
[EventDate "2016.07.23"]
[EventType "swiss"]
[EventRounds "10"]
[EventCountry "DEN"]
[SourceTitle "CBM 173 Extra"]
[Source "ChessBase"]
[SourceDate "2016.08.29"]
[SourceVersion "1"]
[SourceVersionDate "2016.08.29"]
[SourceQuality "1"]

1. d4 f5 2. Nf3 Nf6 3. h3 d6 4. Bf4 g6 5. e3 Bg7 6. Bc4 c6 7. a4 d5 8. Bd3 Ne4 9. h4 e6 10. h5 g5 11. h6 Bf6 12. Be5 0-0 13. Nbd2 Nd7 14. g4 fxg4 15. Bxe4 gxf3 16. Bxf6 Qxf6 17. Bxf3 e5 18. Qe2 e4 1/2-1/2

[Event "Politiken Cup 37th"]
[Site "Helsingor"]
[Date "2015.07.26"]
[Round "3"]
[White "Kaasen, Tor Fredrik"]
[Black "Rasdal, Yngve"]
[Result "1-0"]
[WhiteElo "2026"]
[BlackElo "1790"]
[PlyCount "63"]
[EventDate "2015.07.25"]
[EventType "swiss"]
[EventRounds "10"]
[EventCountry "DEN"]
[SourceTitle "CBM 167 Extra"]
[Source "ChessBase"]
[SourceDate "2015.09.14"]
[SourceVersion "1"]
[SourceVersionDate "2015.09.14"]
[SourceQuality "1"]

1. e4 c6 2. d4 d5 3. f3 e6 4. Nc3 Nd7 5. Be3 Bb4 6. Qd2 Bxc3 7. Qxc3 dxe4 8. 0-0-0 Ngf6 9. Bg5 Qc7 10. Re1 h6 11. Bxf6 Nxf6 12. fxe4 Qf4+ 13. Qd2 Qxd2+ 14. Kxd2 0-0 15. e5 Nd7 16. Nf3 c5 17. c3 b6 18. Bc4 Bb7 19. Rhf1 Rfd8 20. Ke3 Rac8 21. b3 cxd4+ 22. cxd4 Nb8 23. g4 Na6 24. g5 Nb4 25. Re2 Bxf3 26. Rxf3 hxg5 27. Rg2 Nd5+ 28. Ke4 Ne7 29. Rxg5 Nf5 30. d5 exd5+ 31. Bxd5 g6 32. Rfxf5 1-0

[Event "NOR-ch Class2"]
[Site "Lillehammer"]
[Date "2013.06.29"]
[Round "9"]
[White "Rasdal, Yngve"]
[Black "Wister, Tom R"]
[Result "1/2-1/2"]
[WhiteElo "1501"]
[BlackElo "1609"]
[PlyCount "46"]
[EventDate "2013.06.29"]
[EventType "swiss"]
[EventRounds "9"]
[EventCountry "NOR"]
[SourceTitle "EXT 2017"]
[Source "ChessBase"]
[SourceDate "2016.10.25"]
[SourceVersion "1"]
[SourceVersionDate "2016.10.25"]
[SourceQuality "1"]

1. d4 Nf6 2. Nf3 g6 3. g3 Bg7 4. Bg2 d5 5. 0-0 0-0 6. b3 Nbd7 7. Nbd2 Re8 8. Bb2 c5 9. dxc5 Nxc5 10. c4 b6 11. cxd5 Nxd5 12. Bxg7 Kxg7 13. Nc4 Bb7 14. Qd4+ Nf6 15. Qf4 Qb8 16. Qh4 Qc7 17. Rfd1 Red8 18. Nce5 Rxd1+ 19. Rxd1 Rd8 20. Rxd8 Qxd8 21. Qd4 Qxd4 22. Nxd4 Bxg2 23. Kxg2 Nd5 1/2-1/2

[Event "NOR-chB"]
[Site "Moss"]
[Date "2006.07.13"]
[Round "7"]
[White "Sverdrup, Tore"]
[Black "Rasdal, Yngve"]
[Result "0-1"]
[WhiteElo "1221"]
[BlackElo "1133"]
[PlyCount "100"]
[EventDate "2006.07.08"]
[EventType "swiss"]
[EventRounds "9"]
[EventCountry "NOR"]
[SourceTitle "EXT 2007"]
[Source "ChessBase"]
[SourceDate "2006.11.23"]
[SourceVersion "1"]
[SourceVersionDate "2006.11.23"]
[SourceQuality "1"]

1. c4 Nf6 2. g3 c6 3. Bg2 e6 4. d4 d5 5. cxd5 exd5 6. Nc3 Be7 7. e3 Bf5 8. Nge2 0-0 9. 0-0 Qc8 10. a3 Bd6 11. b4 Bh3 12. Nf4 Bxf4 13. exf4 Bxg2 14. Kxg2 Qf5 15. Re1 Nbd7 16. Qd2 Rfe8 17. Ra2 h5 18. h4 Ne4 19. Nxe4 dxe4 20. Qc3 Qd5 21. Rae2 f5 22. Kg1 Re6 23. f3 Rae8 24. fxe4 Rxe4 25. Rxe4 Rxe4 26. Rxe4 Qxe4 27. Qe3 Nf6 28. Qxe4 Nxe4 29. Kg2 Kf7 30. Kf3 Ke6 31. a4 Kd5 32. b5 cxb5 33. axb5 a6 34. bxa6 bxa6 35. Bb2 a5 36. Kg2 a4 37. Kf3 g6 38. Kg2 Nd6 39. Kf3 Nc4 40. Ba1 Na3 41. Ke2 Nc2 42. Bc3 Nxd4+ 43. Kd3 Nb3 44. Be5 Nc5+ 45. Kc3 Ne4+ 46. Kb4 Nxg3 47. Kxa4 Ne2 48. Kb4 Ke4 49. Kb3 Ke3 50. Kc2 Nxf4 0-1

[Event "NOR-chB"]
[Site "Moss"]
[Date "2006.07.11"]
[Round "5"]
[White "Rasdal, Yngve"]
[Black "Hansen, Tommy"]
[Result "1-0"]
[WhiteElo "1133"]
[BlackElo "1072"]
[PlyCount "55"]
[EventDate "2006.07.08"]
[EventType "swiss"]
[EventRounds "9"]
[EventCountry "NOR"]
[SourceTitle "EXT 2007"]
[Source "ChessBase"]
[SourceDate "2006.11.23"]
[SourceVersion "1"]
[SourceVersionDate "2006.11.23"]
[SourceQuality "1"]

1. d4 Nf6 2. c4 g6 3. Nc3 Bg7 4. e4 d6 5. f4 0-0 6. Nf3 c5 7. d5 e6 8. Bd3 exd5 9. cxd5 Bg4 10. h3 Bxf3 11. Qxf3 Qb6 12. Rb1 Re8 13. Be3 Na6 14. a3 Nd7 15. 0-0 Rac8 16. h4 Qa5 17. Bd2 c4 18. Bc2 Nac5 19. h5 Rf8 20. Qh3 Nf6 21. hxg6 fxg6 22. e5 dxe5 23. fxe5 Nxd5 24. Nxd5 Qxd2 25. Ne7+ Kh8 26. Nxg6+ Kg8 27. Ne7+ Kh8 28. Qxh7# 1-0

[Event "Bergen Sommer op-B"]
[Site "Bergen"]
[Date "2005.08.05"]
[Round "6"]
[White "Jorgensen, Line Jin"]
[Black "Rasdal, Yngve"]
[Result "1-0"]
[WhiteElo "1446"]
[BlackElo "1084"]
[PlyCount "45"]
[EventDate "2005.07.31"]
[EventType "swiss"]
[EventRounds "6"]
[EventCountry "NOR"]
[SourceTitle "EXT 2006"]
[Source "ChessBase"]
[SourceDate "2005.11.24"]
[SourceVersion "1"]
[SourceVersionDate "2005.11.24"]
[SourceQuality "1"]

1. e4 e5 2. Nf3 Nc6 3. Bc4 Bc5 4. Nc3 Nf6 5. h3 d6 6. d3 h6 7. Be3 Bxe3 8. fxe3 Be6 9. Nd5 Bxd5 10. exd5 Ne7 11. e4 0-0 12. Qd2 c5 13. dxc6 Nxc6 14. a3 Na5 15. Ba2 Qb6 16. Rb1 Rac8 17. g4 Rc7 18. b4 Nc6 19. g5 hxg5 20. Qxg5 Nh7 21. Qg2 Rfc8 22. Rg1 g6 23. Qxg6+ 1-0